Catálogo
 En Linea

Manual de referencias para el auditor de informática : (Registro nro. 43267)

Detalles MARC
000 -CABECERA
campo de control de longitud fija 01070nam a2200229 a 4500
001 - NÚMERO DE CONTROL
campo de control 000043778
005 - FECHA Y HORA DE LA ÚLTIMA TRANSACCIÓN
campo de control 20201002044950.0
008 - DATOS DE LONGITUD FIJA--INFORMACIÓN GENERAL
campo de control de longitud fija 140428s1994 dr 000 0 spa d
040 ## - FUENTE DE LA CATALOGACIÓN
Centro catalogador/agencia de origen DO-SdBNP
Lengua de catalogación spa
Centro/agencia transcriptor BNPHU
082 ## - NÚMERO DE LA CLASIFICACIÓN DECIMAL DEWEY
Número de clasificación 657.453
Número de documento/Ítem R969m
100 1# - ENTRADA PRINCIPAL--NOMBRE DE PERSONA
Nombre de persona Russo Báez, Elba Luz
9 (RLIN) 71618
245 10 - MENCIÓN DE TÍTULO
Título Manual de referencias para el auditor de informática :
Resto del título nivel I /
Mención de responsabilidad, etc. Elba Luz Russo Báez.
260 ## - PUBLICACIÓN, DISTRIBUCIÓN, ETC.
Lugar de publicación, distribución, etc. Santo Domingo :
Nombre del editor, distribuidor, etc. Corripio,
Fecha de publicación, distribución, etc. 1994.
300 ## - DESCRIPCIÓN FÍSICA
Extensión 199 p. ;
Dimensiones 24 cm.
500 ## - NOTA GENERAL
Nota general Incluye datos biográficos del autor en la solapa de la cubierta.
504 ## - NOTA DE BIBLIOGRAFÍA, ETC.
Nota de bibliografía, etc. Bibliografía: p.197-199.
505 0# - NOTA DE CONTENIDO CON FORMATO
Información miscelánea Introducción --
Título Conceptos generales del procesamiento electrónico de los datos --
-- La función de control --
-- El auditor y la informática --
-- Aspectos generales, operacionales y administrativos para el desarrollo de la auditoría de informática --
-- Actividades generales.
590 ## - NOTA LOCAL (RLIN)
Nota local Inventariado, 2018/ YL
650 #4 - PUNTO DE ACCESO ADICIONAL DE MATERIA--TÉRMINO DE MATERIA
Término de materia o nombre geográfico como elemento de entrada Auditoría de sistemas
9 (RLIN) 71619
650 #4 - PUNTO DE ACCESO ADICIONAL DE MATERIA--TÉRMINO DE MATERIA
Término de materia o nombre geográfico como elemento de entrada Auditoría
Subdivisión general Procesamiento de datos
9 (RLIN) 71620
910 ## - DATOS DE OPCIÓN DEL USUARIO (OCLC)
Datos de opción del usuario Validado. Control de calidad EMS
Existencias
Estado de retiro Estado de pérdida No para préstamo Código de colección Localización permanente Ubicación/localización actual Ubicación en estantería Fecha de adquisición Número de inventario Total de préstamos Signatura topográfica completa Código de barras Fecha visto por última vez Precio válido a partir de Tipo de ítem Koha
    Excluido de préstamo Patrimonio Dominicano Patrimonio Dominicano Patrimonio Dominicano Depósito 28.04.2014 LF1   657.453 R969m 43778-10 25.06.2020 25.06.2020 Libro y Folleto Colección Patrimonio Dominicano
      Patrimonio Dominicano Patrimonio Dominicano Patrimonio Dominicano Orden iniciada 28.04.2014 LF1   657.453 R969m 43779-10 25.06.2020 25.06.2020 Libro y Folleto Colección Patrimonio Dominicano

Con tecnología Koha